Sermaye bölüşüm büyüme (Record no. 375)

MARC details
000 -BAŞLIK
Sabit Uzunlukta Kontrol Alanı 00629na a2200241 4500
001 - KONTROL NUMARASI
Denetim Alanı 13094
003 - KONTROL NUMARASI IDENTIFIER
Denetim Alanı MIRAKIL
005 - SON İŞLEM TARİHİ VE ZAMANI
Denetim Alanı 20181213154747.0
008 - SABİT-BOY VERİ ELEMANLARI - GENEL BİLGİLER
Sabit Uzunlukta Kontrol Alanı 160817b tu 000 0
020 ## - ULUSLARARASI STANDART KİTAP NUMARASI
Uluslararası Standart Kitap Numarası 9786054160051
035 ## - SİSTEM KONTROL NUMARASI
Sistem Kontrol Numarası 13094
040 ## - KATALOGLAMA KAYNAK
Orijinal Kataloglama Ajansı Milas
Kataloglama Dili tur
Metne Dönüştürmek Ajansı TR-AnCHP
082 ## - DEWEY ONLU SINIFLANDIRMA NUMARASI
Sınıflandırma Numarası 332.042
Ürün Numarası A49s 2009
090 ## - SINIFLAMA NUMARASI
Sınıflama Numarası 332.042 A49s 2009
100 ## - ANA GİRİŞ - KİŞİSEL İSİM
Kişisel Ad Akyüz, Yılmaz
245 ## - BAŞLIK TABLOSU
Başlık Sermaye bölüşüm büyüme
Sorumluluk Tablosu, Vb Yılmaz Akyüz
250 ## - EDITION TABLOSU
Baskı Beyanı 3. bs
260 ## - YAYIN, DAĞITIM, VB
Yayın, Dağıtım, Vb Yeri Ankara
Yayıncı, Dağıtıcı, Vs Adı Eflatun Yayınevi
Yayın, Dağıtım, Vb Tarihi 2009
300 ## - FİZİKSEL TANIM
Kapsam 655 s.
Diğer Fiziksel Ayrıntıları şkl.
Boyutlar 24 sm.
504 ## - KAYNAKÇA VB NOT
Kaynakça Vb Notu Kaynakça ve dizin var.
650 ## - KONU KATMA GİRİŞ - TOPİKAL DÖNEM
Topikal Süreli Veya Coğrafi Ad Giriş Elemanı Ekonomi
Genel Alt Bölümü Felsefe
942 ## - EKLENDİ GİRİŞ ELEMANLARI (KOHA)
Sınıflandırma Veya Raf Düzeni Kaynak Dewey Decimal Classification
Koha Öğesi Türü Books
999 ## - SİSTEM KONTROL NUMARALARI (KOHA)
Koha Biblionumber 375
Koha Biblioitemnumber 375
Holdings
Kalıcı Konum Mevcut Konum Edinme Tarihi Edinim Kaynak Toplam Check-Out'Lar Tam Çağrı Numarası Barkod Tarih Son Görülme İtibaren Geçerli Fiyatlar Koha Öğesi Türü
CHP Kütüphanesi CHP Kütüphanesi 08/05/2016 Bağış   332.042 A49s 2009 000284 08/05/2016 08/05/2016 Books